000 03950nam0a22005891 4500
001 RU\NLR\A1\23404
005 20260406163322.0
035 _a(NLR Aleph) 009677864
090 _a9690474
_c9690474
100 _a19990921d1779 u y0rusy50 ca
101 1 _arus
_cfre
102 _aRU
200 1 _aБашмаки мордоре или Немецкая башмашница
_eЛирическая комедия в двух действиях
_fПереведена с французскаго Васильем Вороблевским 1778 году. В Москве
_gВ первый раз представлена на домовом театре е.с. графа Петра Борисовича Шереметева собственными его певчими: генваря 11 дня 1779 году
210 _a[М.]
_cТип. Имп. Моск. ун-та [у Н.Новикова
_d1779]
215 _a84 с.
_d
305 _aВходит также в состав изд. конволюта: Лирическия переводы Василья Вороблевскаго
305 _aЗагл. ориг.: Les souliers mordorés ou la cordonnieré allemand
306 _aИзд. на счет пер.
314 _aПосвящ. пер. П.Б.Шереметеву на с.3-7
316 _aЭкз. РНБ (18.171.4.28) является частью владельч. конволюта. Припл. к: [Гарстлей и Флориничи, : Мещанская трагедия. Всл. Лвшн. - М.: Унив. тип., у Н.Новикова, 1787].
_5NLR: 18.171.4.28
317 _aЭкз. РНБ (18.171.4.28) из б-ки Егора Давыдова
_5NLR: 18.171.4.28
317 _aОдин из экз. СПбГТБ из собрания вел. кн. Павла Александровича
_5СПбГТБ
320 _aРеэстр книгам продающимся ... у библиотекаря Василья Вороблевскаго, им переведенныя (с.84)
321 1 _aСК XVIII 7767
482 0 _1001RU\NLR\A1\12286
_12001#$aГарстлей и Флориничи,$eМещанская трагедия. Всл. Лвшн.
_1210##$aМ.$cУнив. тип., у Н.Новикова$d1787
_99677750
_aЛевшин, В. А. (1746-1826)
_cМосква
_d1787
_fВсл. Лвшн.
_nв Университетской типографии, у Н.Новикова
_oмещанская трагедия.
_p92 с.
_tГарстлей и Флориничи,
517 1 _aНемецкая башмашница
518 1 _aБашмаки мордоре или Немецкая башмачница
518 1 _aНемецкая башмачница
620 _dМосква
700 1 _4070
_7ca
_8rus
_aФерьер
_bА. де
_f18 в.
_gАлександр
_9173576
_3RU\NLR\AUTH\770173627
702 1 _4730
_7ca
_8rus
_aВороблевский
_bВ. Г.
_f1730-1797
_gВасилий Григорьевич
_9173494
_3RU\NLR\AUTH\770173545
702 1 _4280
_7ca
_8rus
_aШереметев
_bП. Б.
_f1713-1788
_gПётр Борисович
_9208032
_3RU\NLR\AUTH\770208085
702 1 _4610
_8rus
_7ca
_aНовиков
_bН. И.
_cиздатель
_f1744-1818
_gНиколай Иванович
_3RU\NLR\AUTH\772860
_9112867
702 0 _4390
_8rus
_7ca
_aПавел Александрович
_cвеликий князь
_f1860-1919
_3RU\NLR\AUTH\7710047
_9119832
702 1 _aДавыдов
_bЕ.
_gЕгор
_5NLR: 18.171.4.28
_4390
712 0 2 _aМосковский университет
_bТипография
_4610
801 0 _aRU
_bNLR
_c19990921
852 _aNLR
_j18.171.4.28
899 _aРГБ
899 _aБАН
899 _aЗНБ ВГУ
899 _aРГБИ
899 _aМГУ
899 _aКостОУНБ
899 _aУОНБ
899 _aММУО
899 _aСПбГТБ
_y2 экз.
899 _aГПИБ
942 _cBOOK
980 _aNB
980 _aA1XVIIIv